00589nam a2200205Ia 450000500170000000800410001702000160005808200130007410000200008724500620010725000090016926000340017830000170021265000130022965000130024265000130025594200060026895200940027499900150036820240527032145.0240331s9999 xx 000 0 und d a00896080455 bWEIa335 aWeinbaum, Batya 4aThe curious courtship of women's liberation and socialism a1 st aBostonbSouth End Pressc1978 aix, 168 p ., aEconomic aPolitics aFeminist cL 001040708LaWERCLbWERCLcSSCd2024-03-31l0o 335 WEIp270r2024-03-31w2024-03-31yL c2756d2756